000 01249nam0a22003131 4500
001 rc\4790159
005 20130417103952.8
021 _aRU
_b[58-44349]
035 _a(NLR Aleph) 009034948
090 _a9513642
_c9513642
100 _a20130417d1958 |||y0rusy50 ca
101 0 _arus
102 _aRU
105 _aa z |||||
200 1 _aОкраска в электрическом поле высокого напряжения
_e[Сборник]
_fСовет нар. хозяйства г. Москвы
210 _aМосква
_cЦБТИ
_d1958
215 _a63 с.
_cил.
_d22
225 1 _aДостижения науки и техники
300 _aНа обороте тит. л. сост.: инженеры З.Б. Ветухновский, Е.Н. Владычина, В.А. Губенский и др.
606 _aОкраска электростатическая
_2psbo
606 _aКраскораспылители электрические
_2psbo
702 1 _aВладычина
_bЕ. Н.
_4220
702 1 _aГубенский
_bВ. А.
_4220
702 1 _aВетухновский
_bЗ. Б.
_4220
801 0 _aRU
_bNLR
_gpsbo
801 1 _aRU
_bELAR
_2rusmarc
852 _aNLR
_j58-6/6431
942 _cBOOK
980 _aNB